<?xml version="1.0" encoding="UTF-8"?><marc:collection xmlns:marc="http://www.loc.gov/MARC21/slim">
  <marc:record>
    <marc:leader>00000nam##2200000za#4500</marc:leader>
    <marc:controlfield tag="001">9.663114</marc:controlfield>
    <marc:controlfield tag="003">CaOODSP</marc:controlfield>
    <marc:controlfield tag="005">20250319165111</marc:controlfield>
    <marc:controlfield tag="007">co |||||||||||</marc:controlfield>
    <marc:controlfield tag="008">150407|2001||||xxc    |q  d f### # fre|d</marc:controlfield>
    <marc:datafield tag="040" ind1=" " ind2=" ">
      <marc:subfield code="a">CaOODSP</marc:subfield>
      <marc:subfield code="b">fre</marc:subfield>
    </marc:datafield>
    <marc:datafield tag="041" ind1=" " ind2=" ">
      <marc:subfield code="a">eng</marc:subfield>
    </marc:datafield>
    <marc:datafield tag="041" ind1=" " ind2=" ">
      <marc:subfield code="a">fre</marc:subfield>
    </marc:datafield>
    <marc:datafield tag="043" ind1=" " ind2=" ">
      <marc:subfield code="a">n-cn---</marc:subfield>
    </marc:datafield>
    <marc:datafield tag="086" ind1="1" ind2=" ">
      <marc:subfield code="a">H88-3/31-2001-MRC</marc:subfield>
    </marc:datafield>
    <marc:datafield tag="110" ind1="1" ind2=" ">
      <marc:subfield code="a">Canada.</marc:subfield>
      <marc:subfield code="b">Santé Canada. </marc:subfield>
      <marc:subfield code="b">Direction générale de la santé de la population et de la santé publique.</marc:subfield>
    </marc:datafield>
    <marc:datafield tag="245" ind1="1" ind2="0">
      <marc:subfield code="a">Soins en fin de vie aux aînés / </marc:subfield>
      <marc:subfield code="h">[ressource électronique]</marc:subfield>
      <marc:subfield code="c">Publié par Division du vieillissement et des aînés </marc:subfield>
    </marc:datafield>
    <marc:datafield tag="260" ind1=" " ind2=" ">
      <marc:subfield code="a">Ottawa - Ontario : </marc:subfield>
      <marc:subfield code="b">Santé Canada. </marc:subfield>
      <marc:subfield code="c">2001.</marc:subfield>
    </marc:datafield>
    <marc:datafield tag="300" ind1=" " ind2=" ">
      <marc:subfield code="a">1 disque.</marc:subfield>
    </marc:datafield>
    <marc:datafield tag="500" ind1=" " ind2=" ">
      <marc:subfield code="a">«Ce cédérom, produit par la Division du vieillissement et des aînés de Santé Canada, présente trois documents qui traitent des aspects médicaux, culturels, spirituels et éthiques des soins aux aînés en fin de vie. Il cherche à donner aux fournisseurs de soins de santé et de services sociaux, aux personnes âgées, aux soignants naturels et au grand public des renseignements pratiques sur l'art d'aider à bien vivre et mourir, le maintien du confort des aînés, et le soutien aux proches.»--À propos de ce cédérom... Sommaire: Soins palliatifs: feuillet d'information à l'intention des aînés, développé et produite par la Division du vieillissement et des aînés (4p., numéro de catalogue H30-11/8-1F).--Expression - Les aîné-e-s et les soins palliatifs (8p., numéro de catalogue H71-4/1-11-3F).--Un guide des soins en fin de vie aux aînés, financée par Santé Canada... d'une collaboration de la Interdepartmental Division of Geriatrics de l'Université de Toronto et de la Faculté des sciences de la santé de l'Université d'Ottawa (190p., ISBN 0-9687122-1-5)</marc:subfield>
    </marc:datafield>
    <marc:datafield tag="520" ind1="3" ind2=" ">
      <marc:subfield code="a">Ce cédérom, produit par la Division du vieillissement et des aînés de Santé Canada, présente trois documents qui traitent des aspects médicaux, culturels, spirituels et éthiques des soins aux aînés en fin de vie. Il cherche à donner aux fournisseurs de soins de santé et de services sociaux, aux personnes âgées, aux soignants naturels et au grand public des renseignements pratiques sur l'art d'aider à bien vivre et mourir, le maintien du confort des aînés, et le soutien aux proches.--À propos de ce cédérom</marc:subfield>
    </marc:datafield>
    <marc:datafield tag="538" ind1=" " ind2=" ">
      <marc:subfield code="a">«Ce cédérom peut opérer sur les ordinateurs munis d'un processeur de type Pentium 233 ou équivalent. Le logiciel de navigation Internet Explorer ou Netscape est aussi nécessaire à utilisation de ce cé</marc:subfield>
    </marc:datafield>
    <marc:datafield tag="546" ind1=" " ind2=" ">
      <marc:subfield code="a">Bilingue</marc:subfield>
    </marc:datafield>
    <marc:datafield tag="590" ind1=" " ind2=" ">
      <marc:subfield code="a">01-33</marc:subfield>
      <marc:subfield code="b">2001-08-17</marc:subfield>
    </marc:datafield>
    <marc:datafield tag="691" ind1="0" ind2="7">
      <marc:subfield code="a">Aîné</marc:subfield>
      <marc:subfield code="2">gcpds</marc:subfield>
    </marc:datafield>
    <marc:datafield tag="691" ind1="0" ind2="7">
      <marc:subfield code="a">Soins de santé</marc:subfield>
      <marc:subfield code="2">gcpds</marc:subfield>
    </marc:datafield>
    <marc:datafield tag="691" ind1="0" ind2="7">
      <marc:subfield code="a">Soignant</marc:subfield>
      <marc:subfield code="2">gcpds</marc:subfield>
    </marc:datafield>
    <marc:datafield tag="691" ind1="0" ind2="7">
      <marc:subfield code="a">Vieillissement</marc:subfield>
      <marc:subfield code="2">gcpds</marc:subfield>
    </marc:datafield>
    <marc:datafield tag="776" ind1="0" ind2="#">
      <marc:subfield code="t">Un guide des soins en fin de vie aux aînés / </marc:subfield>
      <marc:subfield code="w">(CaOODSP)9.642468</marc:subfield>
    </marc:datafield>
    <marc:datafield tag="776" ind1="0" ind2="#">
      <marc:subfield code="t">A guide to end-of-life care for seniors / </marc:subfield>
      <marc:subfield code="w">(CaOODSP)9.698461</marc:subfield>
    </marc:datafield>
    <marc:datafield tag="791" ind1=" " ind2=" ">
      <marc:subfield code="t">End-of-life care for seniors / </marc:subfield>
      <marc:subfield code="e">eng</marc:subfield>
      <marc:subfield code="w">(CaOODSP)9.663113</marc:subfield>
    </marc:datafield>
  </marc:record>
</marc:collection>
